Most Common Mistakes Made in Translation of Professional Texts in European Union Documents

Najčastejšie chyby prekladov v dokumentoch EÚ a ich porovnanie so správnymi verziami.

Gespeichert in:
Bibliographische Detailangaben
1. Verfasser: Strelinger, Ján, 1964-
Format: Buchkapitel
Sprache:Englisch
Schlagworte:
Tags: Tag hinzufügen
Keine Tags, Fügen Sie das erste Tag hinzu!

MARC

LEADER 00000nla$a2200000$$$4500
001 0243758
005 20240502073941.3
041 0 |a eng 
044 |a SK 
245 1 0 |a Most Common Mistakes Made in Translation of Professional Texts in European Union Documents  |c Ján Strelinger 
520 |a Najčastejšie chyby prekladov v dokumentoch EÚ a ich porovnanie so správnymi verziami. 
610 2 0 |a preklady 
610 2 0 |a prekladatelia 
610 2 0 |a dokumenty 
610 2 0 |a jazyky cudzie 
100 1 |a Strelinger, Ján, 1964-